00722 2200265 4500001002100000005001700021008004100038020001800079035002400097041000800121043001200129082001400141084001600155090002000171100001600191245007200207250001100279260002700290300003200317500003100349650002200380850001200402990002100414999002100435YOGYA-0511000000044520170308132516.0 ind  a979-731-017-5 0010-051100000000445 aInd aYOPDYOG 223a006.7 a006.7 Suy M aDEP 006.7 Suy M aSUYANTO, M. aMultimedia alat untuk meningkatkan keunggulan bersaingcM. Suyanto. aCet.3. aYogyakartabAndic2003 axv, 400 hlm.bilus.c23 cm. aBibliografi : hlm. 395-401 aSistem Multimedia aYOPDYOG a1702-RBM/PD.A.17 aCB-D.11/2003-280